| 000 | 00662nam a2200205 i 4500 | ||
|---|---|---|---|
| 001 | 97503 | ||
| 003 | ES-MaACL | ||
| 005 | 20240310062955.0 | ||
| 007 | t| | ||
| 008 | 050713s1975 sp ||||1| spa d | ||
| 100 | 0 |
_aMarcuse, Herbert, _d1898-1979 _976559 |
|
| 245 | 1 | 0 |
_aMarcuse ante sus críticos _b: Marcuse, Mallet, Gorz / _cHerbert Marcuse; [versión por Adolfo Sánchez Vázquez]. |
| 260 |
_aBarcelona : _bGrijalbo, _c1975. |
||
| 300 |
_a154 p. ; _c18 cm. |
||
| 490 | 1 | _aColeccion 70 | |
| 700 | 1 |
_aSánchez Vázquez, Adolfo. _9102971 |
|
| 830 | 0 |
_aColeccion 70 _9182684 |
|
| 852 |
_aES-MaACL _jA-6161 _bR.94914 |
||
| 999 |
_c97503 _d97503 |
||